LEADER 00764naa a2200217 u 4500 001 000000093180 003 CaOOAMICUS 005 20070226130132.0 008 010621s1928 fr u000 u fre u 035 $a10893499 040 $aPUL(R)$bita 100 1 $aPella, Vespasien V.$0(OLS)http://pul/name/59994 245 13$aLa répression de la piraterie /$cpar Vespasien Pella. 260 $a[S. l. :$bs. n.],$c1928. 300 $aP. [145-275] 504 $aBibliografia in nota. 650 4$aDiritto marittimo.$0(OLS)http://pul/subject/2922 773 0 $tRecueil des cours$gv.V (1926) 773 0 $tRecueil des cours 1926$w()59469 996 $6245$aLa répression de la piraterie$9(OLS)http://pul/title/120056 996 $6260$a[S. l. :$bs. n.]$9(OLS)http://pul/publisher/47882 LEADER 01693nam a2200337 u 4500 001 000000074565 003 CaOOAMICUS 005 20070226122457.0 008 021210s1999 enka u000 u eng u 020 $a019826982X 035 $a10948143 040 $aPUL$bita 041 0 $aeng$aheb 100 1 $aStrugnell, John.$0(OLS)http://pul/name/44371 245 10$aQumran cave 4.$nXXIV,$pSapiential Texts, part 2 4Qinstruction (MūS?R L? M?VīN) 4Q415 ff /$cwith a re-edition of 1Q26 by John Strugnell ; and Daniel Harrington ; and an edition of 4Q423 by Torleif Elgvin ; in consultation with Joseph A. Fitzmyer. 260 $aOxford :$bClaredon,$c1999. 300 $axvi, 584 p., 21 c. di tav. :$bill. ;$c32 cm 490 1 $aDiscoveries in the Judaean desert ;$v35 630 04$aManoscritti del Mar Morto.$0(OLS)http://pul/subject/3175 630 04$aBiblia.$pV.T.$xCritica e interpretazione.$0(OLS)http://pul/subject/3062 650 4$aQumrān (comunitą).$0(OLS)http://pul/subject/9646 700 1 $aElgvin, Torleif.$0(OLS)http://pul/name/49449 700 1 $aHarrington, Daniel J.$0(OLS)http://pul/name/11444 830 0$aDiscoveries in the Judaean desert ;$v35.$0(OLS)http://pul/title/3069 850 $aPUL 852 $aPUL$W1$xSL Cons. Gen., Altre Classi 1$y1$m1393 F 34$j96162$nBK-PRI$b $qStampati$B96162$CPULBib$Z2$F96162 $H $81 941 1 $a8 961 $aINV: 88993 996 $6020$a019826982X$9(OLS)http://pul/number/96804 996 $6245$aQumran cave 4.$nXXIV,$pSapiential Texts, part 2 4Qinstruction (MūS?R L? M?VīN) 4Q415 ff$9(OLS)http://pul/title/97878 996 $6260$aOxford :$bClaredon$9(OLS)http://pul/publisher/64501